Bài tập kinh tế và quản trị kinh doanh

Bewaard in:
Bibliografische gegevens
Hoofdauteur: Ts.Nguyễn Thị Bích Loan Ts.Ngô Xuân Bình
Formaat: Boek
Taal:Vietnamese
Gepubliceerd in: Giáo dục 2005
Tags: Voeg label toe
Geen labels, Wees de eerste die dit record labelt!
Thư viện lưu trữ: Mạng thư viện Đại học Đà Nẵng
LEADER 00677nam a2200277 4500
001 000026038
003 1574
005 20150325120000.0
008 150325s vm 000 vie
020 |c 13500,0000 
040 |a NOTTS 
100 |a Ts.Nguyễn Thị Bích Loan Ts.Ngô Xuân Bình 
245 |a Bài tập kinh tế và quản trị kinh doanh 
260 |b Giáo dục  |c 2005 
300 |a 132tr. ; 
OWN |a LTT 
999 |a From the UDN01 
TYP |a Monograph 
TYP |a Printed language 
980 |a Mạng thư viện Đại học Đà Nẵng